| 000 | 01389cam a2200361 i 4500 | ||
|---|---|---|---|
| 999 |
_c64984 _d64984 |
||
| 001 | 729346766 | ||
| 003 | OCoLC | ||
| 005 | 20190502121707.0 | ||
| 008 | 110922t20122012miu g b 001 0 eng | ||
| 010 | _a2011039151 | ||
| 020 | _a9780801039720 (pbk. : alk. paper) | ||
| 020 | _a080103972X (pbk. : alk. paper) | ||
| 040 |
_aDLC _bspa _cCO-MdFUSB _dYDX _dBTCTA _dBDX _dDTM _dYDXCP _dBWX _dCDX _dSGB _dUtOrBLW _erda |
||
| 041 | _aeng | ||
| 082 |
_224 _a233.1 _bS642f |
||
| 100 | 1 |
_aSmith, James K. A., _d1970- _eautor |
|
| 245 | 1 | 4 |
_aThe fall of interpretation _b: philosophical foundations for a creational hermeneutic _c/ James K.A. Smith. |
| 250 | _aEdición segundo | ||
| 264 | 1 |
_aGrand Rapids, Michigan : _bBaker Academic, _c℗[2012] |
|
| 264 | 4 | _c©2012. | |
| 300 |
_axviii, 229 páginas ; _c22 cm. |
||
| 336 |
_2rdacontent. _atexto _btxt |
||
| 337 |
_2rdamedia. _asin mediación _bn |
||
| 338 |
_2rdacarrier. _avolumen _bnc |
||
| 501 | _aIncluye índices (páginas 223- 229) | ||
| 505 | 0 | _aParaíso recuperado -- A través de un espejo oscuro -- Caer en el jardín -- Violencia edénica -- Interpretar la caída -- Interpretación en el Edén -- Encarnación limitada: de la creación a la iglesia. | |
| 650 | 7 |
_aHermenéutica _9418 |
|
| 650 | 7 |
_aCreación _9251 |
|
| 653 | _aCaída de la humanidad | ||
| 942 | _cBK | ||